Online
Catalog

El general en su laberinto / (Record no. 8618)

MARC details
000 -CABECERA
campo de control de longitud fija 00743cam a2200241 a 4500
001 - NÚMERO DE CONTROL
campo de control 000008849
005 - FECHA Y HORA DE LA ÚLTIMA TRANSACCIÓN
campo de control 20240305135409.0
008 - DATOS DE LONGITUD FIJA--INFORMACIÓN GENERAL
campo de control de longitud fija 890619s1989 cu 000 f spa d
040 ## - FUENTE DE LA CATALOGACIÓN
Centro catalogador/agencia de origen DO-SdBNP
Lengua de catalogación spa
Centro/agencia transcriptor LC
Centro/agencia modificador BNPHU
082 ## - NÚMERO DE LA CLASIFICACIÓN DECIMAL DEWEY
Número de clasificación C863.44
Número de documento/Ítem G216ge
049 ## - FONDOS LOCALES (OCLC)
Fondos de biblioteca BNGR
100 1# - ENTRADA PRINCIPAL--NOMBRE DE PERSONA
Nombre de persona García Márquez, Gabriel,
Numeración 1928-2014
Fechas asociadas al nombre 1928-
9 (RLIN) 1804
245 13 - MENCIÓN DE TÍTULO
Título El general en su laberinto /
Mención de responsabilidad, etc. Gabriel García Márquez.
260 ## - PUBLICACIÓN, DISTRIBUCIÓN, ETC.
Lugar de publicación, distribución, etc. La Habana, Cuba :
Nombre del editor, distribuidor, etc. Casa de las Américas,
Fecha de publicación, distribución, etc. 1989.
300 ## - DESCRIPCIÓN FÍSICA
Extensión 286 p. ;
Dimensiones 23 cm.
490 1# - MENCIÓN DE SERIE
Mención de serie Honda
650 #4 - PUNTO DE ACCESO ADICIONAL DE MATERIA--TÉRMINO DE MATERIA
Término de materia o nombre geográfico como elemento de entrada Novela colombiana
9 (RLIN) 1243
650 #4 - PUNTO DE ACCESO ADICIONAL DE MATERIA--TÉRMINO DE MATERIA
Término de materia o nombre geográfico como elemento de entrada Literatura colombiana
9 (RLIN) 1244
600 14 - PUNTO DE ACCESO ADICIONAL DE MATERIA--NOMBRE DE PERSONA
Nombre de persona BOLÍVAR, SIMÓN,
Fechas asociadas al nombre 1783-1830
Subdivisión general FICCIÓN
9 (RLIN) 23402
830 #0 - PUNTO DE ACCESO ADICIONAL DE SERIE-TÍTULO UNIFORME
Título uniforme Honda
9 (RLIN) 23403
910 ## - DATOS DE OPCIÓN DEL USUARIO (OCLC)
Datos de opción del usuario Catalogación derivada
910 ## - DATOS DE OPCIÓN DEL USUARIO (OCLC)
Datos de opción del usuario WM
Holdings
Estado de retiro Estado de pérdida Restricciones de uso No para préstamo Código de colección Localización permanente Ubicación/localización actual Ubicación en estantería Fecha de adquisición Número de inventario Total de préstamos Signatura topográfica completa Código de barras Fecha visto por última vez Precio válido a partir de Tipo de ítem Koha Número de copia
        Monografías: Libros y Folletos General General Orden iniciada 19.09.2013 LF1   C863.44 G216ge 8849-30 25.06.2020 25.06.2020 No se presta  
        Monografías: Libros y Folletos General General Orden iniciada 19.09.2013 LF1   C863.44 G216ge 8849-40 25.06.2020 25.06.2020 No se presta  
        Monografías: Libros y Folletos General General Depósito 18.09.2009 LF1   C863.44 G216ge 8849-10 25.06.2020 25.06.2020 Préstamo en sala  
    Préstamo restringido Préstamo restrigido Monografías: Libros y Folletos General General Depósito 18.09.2009 LF1   C863.44 G216ge 8849-20 25.06.2020 25.06.2020 Préstamo en sala e. 2

Powered by Koha